Statistics for Minecraft Mobs: Real or not?

Click here to take the quiz!

General Stats

  • This quiz has been taken 40 times
  • The average score is 22 of 23

Answer Stats

QuestionAnswer% Correct
CowmanFalse
100%
SharkFalse
97%
FighterFalse
97%
Skeletal ZombieFalse
97%
GoldfishFalse
97%
LionFalse
97%
CatTrue
97%
SpiderTrue
97%
VillagerTrue
97%
SwordfishFalse
94%
Stone GolemFalse
94%
DuckFalse
94%
VexTrue
94%
Wandering TraderTrue
94%
BlazeTrue
94%
Zombie VillagerTrue
94%
StrayTrue
94%
ZombieTrue
94%
HorseTrue
94%
PhantomTrue
91%
EndermiteTrue
91%
BearFalse
88%
Snow GolemTrue
88%

Score Distribution

Percentile by Number Answered

Percent of People with Each Score

Your Score History

You have not taken this quiz